书目信息 |
| 题名: |
美国家庭性教育
|
|
| 作者: | 拉哈叶 , Lahaye , 拉哈叶 著 ;张力 , 谭道林 译 | |
| 分册: | ||
| 出版信息: | 海口 南方出版社 1999.4 |
|
| 页数: | 378页 | |
| 开本: | 21cm | |
| 丛书名: | ||
| 单 册: | ||
| 中图分类: | C913.14 , R167 , R167 | |
| 科图分类: | ||
| 主题词: | 性教育 , 性知识 , 个人卫生 | |
| 电子资源: | ||
| ISBN: | 7-80609-752-X | |
| 000 | 01005nam0 2200337 45 | |
| 001 | 012003000000 | |
| 005 | 20041110155850.07 | |
| 010 | @a7-80609-752-X@dCNY 24.00 | |
| 100 | @a20031025d1999 em y0chiy0110 ea | |
| 101 | 1 | @achi@ceng |
| 102 | @aCN@b460000 | |
| 105 | @ay z 000yy | |
| 200 | 1 | @a美国家庭性教育@Amei guo jia ting xing jiao yu@f(美)蒂姆·拉哈叶, (美)贝维尔莉·拉哈叶著@g张力, 谭道林译 |
| 210 | @a海口@c南方出版社@d1999.4 | |
| 215 | @a378页@d21cm | |
| 304 | @a书名原文: The act of marriage | |
| 510 | 1 | @aThe sex instruction in American family@zeng |
| 510 | 1 | @aThe act of marriage@zeng |
| 606 | 0 | @a性教育 |
| 606 | 0 | @a性知识 |
| 606 | 0 | @a个人卫生 |
| 690 | @aC913.14@v4 | |
| 690 | @aR167@v4 | |
| 690 | @aR167@v3 | |
| 701 | 1 | @a拉哈叶@Ala ha ye@b蒂姆@4著 |
| 701 | A1 | @aLahaye@bT.@4著 |
| 701 | 1 | @a拉哈叶@Ala ha ye@b贝维尔莉@4著 |
| 702 | 0 | @a张力@Azhang li@4译 |
| 702 | 0 | @a谭道林@Atan dao lin@4译 |
| 801 | 0 | @aCN@bQSSK1@c20041110 |
| 905 | @a10447@dR167@eD457 | |
| 美国家庭性教育/(美)蒂姆·拉哈叶, (美)贝维尔莉·拉哈叶著/张力, 谭道林译.-海口:南方出版社,1999.4 |
| 378页;21cm |
| ISBN 7-80609-752-X:CNY 24.00 |
| ● |
| 相关链接 |
|
|
|
正题名:美国家庭性教育
索取号:R167/D457
 
预约/预借
| 序号 | 登录号 | 条形码 | 馆藏地/架位号 | 状态 | 备注 |
| 1 | 426537 | 204265375 | 自科库401/401自科库 7排1列1层/ [索取号:R167/D457] | 在馆 | |
| 2 | 426538 | 204265384 | 自科库401/401自科库 7排1列1层/ [索取号:R167/D457] | 在馆 | |
| 3 | 426539 | 204265393 | 自科库401/ [索取号:R167/D457] | 在馆 |